00681nam a2200217Ia 450000500170000000800410001702000150005804000190007304100120009208200240010410000200012824500820014826000650023030000120029544000300030750400500033763000210038765000250040865100200043385000100045320230819093331.0131103s9999 xx 000 0 und d a140392094X aLoreto College aEnglish a822.33(ID)bTWE-EDM aEdmondson, Paul aTwelfth Night b A guide to the text and its theatrical life cPaul Edmondson aHoundmills, Basingstoke, HampshirebPalgrave Macmillanc2005 ax,181p  aThe Shakespeare Handbooks aIncludes bibliographical references and index aDrama, Criticism aShakespeare, William aPlay, Criticism aLCLIB